Las demostraciones de la existencia de Dios según Leibniz
Saved in:
| Hovedforfatter: | |
|---|---|
| Format: | Bog |
| Sprog: | spansk |
| Udgivet: |
Pamplona
Eunsa
2004
|
| Udgivelse: | 2a. ed |
| Serier: | Filosófica, 115
|
| Fag: | |
| Tags: |
Tilføj Tag
Ingen Tags, Vær først til at tagge denne postø!
|
MARC
| LEADER | 00000cam a2200000 a 4500 | ||
|---|---|---|---|
| 001 | UCH5870 | ||
| 003 | CL-VaPUC | ||
| 005 | 20241219124541.0 | ||
| 008 | 091105e20040000sp |||||||||||||||||spa|d | ||
| 999 | |c 336905 |d 336903 | ||
| 020 | |a 8431322241 | ||
| 040 | |c Pontificia Universidad Católica de Valparaíso | ||
| 082 | 0 | 4 | |a 111.1 |b GON |2 21 |
| 100 | |a González, Ángel Luis |e author |9 542257 | ||
| 245 | 1 | 4 | |a Las demostraciones de la existencia de Dios según Leibniz |
| 250 | |a 2a. ed | ||
| 260 | |a Pamplona |b Eunsa |c 2004 | ||
| 300 | |a 371 p | ||
| 490 | 0 | |a Filosófica, 115 | |
| 583 | |a last modification |c 20171010 04:27:31 |k Rodrigo Vera | ||
| 600 | |a Leibniz, Gottfried Wilhelm |d 1646-1716 |9 860284 | ||
| 650 | 0 | |a Existencia de Dios |9 266954 | |
| 650 | 0 | |a Ontología |9 256850 | |
| 650 | 0 | |a Teodicea |9 315235 | |
| 650 | 0 | |a Crítica e interpretación |9 255042 | |
| 942 | |c BK |2 ddc | ||
| 945 | |d 20091105 00:00:00 |a rbrito | ||
| 952 | |0 0 |1 0 |4 0 |6 111_100000000000000_GON_2004 |7 0 |8 A |9 428960 |a BIBEDU |b BIBEDU |d 2019-11-22 |i 4614291 |o 111.1 GON 2004 |p 4614291 |r 2019-11-22 |w 2019-11-22 |y BK |k FIL | ||
| 952 | |0 0 |1 0 |3 erb |4 0 |6 111_100000000000000_GON_2004 |7 0 |8 A |9 428961 |a BIBTEO |b BIBTEO |i 5195152 |o 111.1 GON 2004 |p 5195152 |r 2025-01-17 |w 2019-11-22 |y BK |z Catalogado en:20150827 |k ICR | ||